[Event "21st Czech Rapid Open"]
[Site "Pardubice CZE"]
[Date "2010.07.21"]
[Round "5"]
[White "Ghaem Maghami,E"]
[Black "Adhiban,B"]
[Result "0-1"]
[WhiteElo "2585"]
[BlackElo "2483"]
[EventDate "2010.07.21"]

1. c4 e5 2. Nc3 Nc6 3. g3 Nf6 4. Bg2 Bc5 5. e3 d5 6. cxd5 Nb4 7. d3 Nbxd5
8. Nxd5 Nxd5 9. a3 O-O 10. Nf3 Qe7 11. O-O a5 12. Qc2 Bd6 13. b3 c6 14. Bb2
Bg4 15. Nd2 Rad8 16. Rfe1 Rfe8 17. Nc4 Bc7 18. Rac1 h6 19. Qb1 Qd7 20. d4
exd4 21. Bxd4 Bh3 22. Bf3 Bg4 23. Bh1 f6 24. Bg2 Bh3 25. Rcd1 Bxg2 26. Kxg2
Qg4 27. h3 Qe6 28. Qc2 f5 29. Nd2 Qg6 30. Nf3 Re4 31. Nd2 Re6 32. Bb2 Nxe3+
33. Rxe3 Rxe3 34. Nf3 Rxd1 35. Qxd1 Re8 36. Qd7 Qf7 37. Qd3 Qd5 38. Qc2 Qe4
39. Qc3 Be5 40. Qc1 Bxb2 41. Qxb2 Rd8 0-1

[Event "21st Czech Rapid Open"]
[Site "Pardubice CZE"]
[Date "2010.07.21"]
[Round "5"]
[White "Akesson,R"]
[Black "Chernyshov,K"]
[Result "0-1"]
[WhiteElo "2470"]
[BlackElo "2578"]
[EventDate "2010.07.21"]

1. d4 Nf6 2. c4 e6 3. Nf3 b6 4. g3 Ba6 5. b3 Bb4+ 6. Bd2 Be7 7. Nc3 d5 8.
cxd5 exd5 9. Bg2 O-O 10. O-O Bb7 11. Bf4 Nbd7 12. Rc1 c6 13. Ne5 Re8 14. e4
Nf8 15. Be3 Ne6 16. exd5 cxd5 17. f4 Rc8 18. f5 Nc7 19. Kh1 a6 20. g4 h6
21. g5 hxg5 22. Bxg5 Nb5 23. Nxb5 axb5 24. Rf4 Rxc1 25. Qxc1 Ne4 26. Bxe7
Rxe7 27. Bxe4 dxe4 28. Qe3 Rc7 29. f6 Rc2 30. h3 Rd2 31. Nxf7 Qxd4 32. Qxd4
Rxd4 33. Ne5 e3+ 34. Kg1 Rxf4 0-1

[Event "21st Czech Rapid Open"]
[Site "Pardubice CZE"]
[Date "2010.07.21"]
[Round "5"]
[White "Shomoev,A"]
[Black "Zaslavsky,M"]
[Result "1-0"]
[WhiteElo "2561"]
[BlackElo "2413"]
[EventDate "2010.07.21"]

1. e4 c5 2. Nf3 d6 3. d4 cxd4 4. Nxd4 Nf6 5. Nc3 a6 6. Be3 e5 7. Nb3 Be6 8.
Qd2 Be7 9. f3 Nbd7 10. g4 Nb6 11. O-O-O Qc7 12. h4 O-O-O 13. Qf2 Nfd7 14.
Nd5 Bxd5 15. exd5 Kb8 16. g5 Nc4 17. Bxc4 Qxc4 18. Rhg1 Rc8 19. Rg4 Qc7 20.
Kb1 Rhg8 21. Rd3 f5 22. Rb4 Nc5 23. Rc3 Ka8 24. f4 Qd7 25. fxe5 Ne4 26.
Rxc8+ Qxc8 27. Qe2 dxe5 28. Rb6 Rd8 29. c4 Rd6 30. Rxd6 Bxd6 31. Bg1 g6 32.
Qe3 Bb8 33. c5 Ba7 34. d6 Nxd6 35. Qxe5 Ne4 36. Qe7 Qb8 37. Na5 Nd2+ 38.
Kc2 Nf3 39. c6 bxc6 40. Bxa7 Qxa7 41. Qe8+ Qb8 42. Qxc6+ Ka7 43. Qxf3 Qc7+
44. Qc3 Qb8 1-0

[Event "21st Czech Rapid Open"]
[Site "Pardubice CZE"]
[Date "2010.07.21"]
[Round "5"]
[White "Gabrielian,A"]
[Black "Michenka,J"]
[Result "0-1"]
[WhiteElo "2559"]
[BlackElo "2365"]
[EventDate "2010.07.21"]

1. c4 e5 2. Nc3 Nc6 3. g3 Bc5 4. Bg2 Nf6 5. e3 O-O 6. Nge2 d5 7. cxd5 Nb4
8. d4 exd4 9. exd4 Be7 10. O-O Nbxd5 11. Qb3 c6 12. a4 Nb6 13. a5 Be6 14.
Qc2 Nbd5 15. Rd1 Nb4 16. Qa4 Bf5 17. Rd2 Re8 18. b3 Bd7 19. Rb1 b5 20. Qa1
Bf5 21. Rbb2 Rc8 22. Rd1 Nc2 23. Qa2 Nd5 24. Nxd5 cxd5 25. Bd2 Ba3 26. Nf4
b4 27. Nxd5 Bxb2 28. Qxb2 Qxa5 29. Ne3 Nxe3 30. Bxe3 Rc2 31. Qa1 Ra2 32.
Qc1 Rc8 0-1

[Event "21st Czech Rapid Open"]
[Site "Pardubice CZE"]
[Date "2010.07.21"]
[Round "5"]
[White "Pribyl,Jo"]
[Black "Babula,V"]
[Result "1-0"]
[WhiteElo "2325"]
[BlackElo "2533"]
[EventDate "2010.07.21"]

1. Nf3 f5 2. d4 Nf6 3. g3 g6 4. Bg2 Bg7 5. O-O O-O 6. b4 c6 7. c4 a5 8. b5
cxb5 9. cxb5 a4 10. Nc3 Ne4 11. Nxa4 Qa5 12. Qb3+ e6 13. Nb2 d5 14. a4 Qc3
15. Ra3 Bxd4 16. Nxd4 Qxd4 17. Nd3 Nd7 18. Bb2 Qc4 19. Qd1 d4 20. Qa1 e5
21. Rc1 Qe6 22. f4 Nc3 23. Bxc3 dxc3 24. Raxc3 e4 25. Nc5 Nxc5 26. Rxc5 Bd7
27. e3 b6 28. Rc7 Rfc8 29. Bf1 Rxc7 30. Rxc7 Rc8 31. Rxc8+ Bxc8 32. Qd4 Kf8
33. Bc4 Qd7 34. Qh8+ Ke7 35. Qxh7+ Kd6 36. Qxd7+ Bxd7 37. Bf7 Bc8 1-0

[Event "21st Czech Rapid Open"]
[Site "Pardubice CZE"]
[Date "2010.07.22"]
[Round "6"]
[White "Panarin,M"]
[Black "Mamedov,Rau"]
[Result "1-0"]
[WhiteElo "2531"]
[BlackElo "2660"]
[EventDate "2010.07.21"]

1. e4 c5 2. Nf3 Nc6 3. d4 cxd4 4. Nxd4 g6 5. c4 Bg7 6. Be3 Nf6 7. Nc3 O-O
8. Be2 Nxd4 9. Bxd4 d6 10. O-O Bd7 11. Qd2 Bc6 12. f3 a5 13. b3 Nd7 14. Be3
Nc5 15. Rac1 Qb6 16. Nb5 Rfc8 17. Rfd1 h5 18. Bf1 Qd8 19. Qe1 Ne6 20. Nc3
Qf8 21. g3 Nc5 22. Bh3 Rd8 23. Nb5 Bxb5 24. cxb5 b6 25. Bg2 Rac8 26. f4 e6
27. h4 Qe7 28. Kh2 Rc7 29. Rc2 Rdc8 30. Qe2 Nd7 31. Rdc1 Nc5 32. Rd1 Nd7
33. Rcd2 Rc3 34. Rxd6 Nf6 35. Bf3 Nd5 36. R6xd5 exd5 37. e5 Qd7 38. Rd2 Bf8
39. Bxd5 Bb4 40. Bc6 Qf5 41. Bd7 Qe4 42. Bxb6 Qb7 43. Bxc8 Qxb6 44. Rc2 Re3
45. Qc4 Re1 46. Rg2 Bc5 47. Re2 Rd1 48. e6 Be7 49. exf7+ Kf8 50. Rg2 Qe3
51. Be6 Qe1 52. Qc8+ Rd8 53. Qc6 Bxh4 54. Qc5+ Be7 55. Qe5 Qxe5 56. fxe5
Bc5 57. Rc2 Bd4 58. Rd2 Ke7 59. Kg2 Kxe6 60. Rxd4 Rf8 61. Rf4 Kxe5 62. b6
Kd6 63. Rf6+ Ke5 64. Rxg6 Rxf7 65. Rg5+ Kd6 66. Rxh5 a4 67. bxa4 1-0

[Event "21st Czech Rapid Open"]
[Site "Pardubice CZE"]
[Date "2010.07.22"]
[Round "6"]
[White "Bryzgalin,K"]
[Black "Rakhmanov,Ale"]
[Result "1/2-1/2"]
[WhiteElo "2499"]
[BlackElo "2590"]
[EventDate "2010.07.21"]

1. e4 c5 2. Nf3 Nf6 3. Nc3 d5 4. exd5 Nxd5 5. Bb5+ Bd7 6. Bxd7+ Qxd7 7. O-O
Nc6 8. d3 g6 9. Ne4 b6 10. d4 cxd4 11. Nxd4 Bg7 12. Nxc6 Qxc6 13. Qe2 O-O
14. c3 Rad8 15. Bd2 Rd7 16. Rad1 Rfd8 17. Bc1 h6 18. f3 Qa4 19. b3 Qc6 20.
c4 Nc7 21. Be3 Ne6 22. Rxd7 Qxd7 23. Nf2 Nd4 24. Bxd4 Bxd4 25. Kh1 Qc7 26.
g3 Qe5 27. Qxe5 Bxe5 28. Rd1 Rxd1+ 29. Nxd1 Bd4 30. Kg2 a5 31. Nf2 f5 32.
Nd3 Kf7 33. f4 g5 34. h3 Kg6 35. Kf3 Kf6 36. a3 Ke6 37. Ke2 Kd6 38. Kf3 Bf6
39. Ke3 h5 40. b4 e6 41. c5+ bxc5 42. Nxc5 Kd5 43. Kd3 Be7 44. Nb3 axb4 45.
axb4 gxf4 46. gxf4 Bxb4 47. Nd4 Ba3 48. Ne2 Bb2 49. Ng1 Ba3 50. Ne2 Bb4 51.
Ng3 h4 52. Ne2 Ba3 53. Ng1 Bd6 54. Ne2 Bc7 55. Nc3+ Kc5 56. Ne2 Bb6 57. Nd4
Kd5 58. Nf3 Bc7 59. Ke3 Bd8 60. Kd3 Bf6 61. Ng1 Kc5 62. Nf3 Kb4 63. Nd4 Kc5
64. Nxe6+ Kd5 65. Nc7+ 1/2-1/2

[Event "21st Czech Rapid Open"]
[Site "Pardubice CZE"]
[Date "2010.07.22"]
[Round "6"]
[White "Stocek,J"]
[Black "Prokopchuk,E"]
[Result "1-0"]
[WhiteElo "2587"]
[BlackElo "2511"]
[EventDate "2010.07.21"]

1. d4 Nf6 2. c4 d6 3. Nf3 Nbd7 4. Bf4 Nh5 5. e3 Nxf4 6. exf4 g6 7. Nc3 Bg7
8. h4 e5 9. h5 exd4 10. Nxd4 O-O 11. Qd2 Re8+ 12. Be2 Nf6 13. O-O-O Ne4 14.
Nxe4 Rxe4 15. Nb5 a6 16. Nc3 Re8 17. hxg6 hxg6 18. g4 b5 19. f5 Bb7 20. Rh3
b4 21. Nd5 Bxd5 22. cxd5 g5 23. Rh5 Qf6 24. Bd3 a5 25. f4 Qd4 26. fxg5 Be5
27. Kb1 Bf4 28. Qg2 b3 29. f6 bxa2+ 30. Ka1 1-0

[Event "21st Czech Rapid Open"]
[Site "Pardubice CZE"]
[Date "2010.07.22"]
[Round "6"]
[White "Schlosser,P"]
[Black "Kalod,R"]
[Result "1-0"]
[WhiteElo "2575"]
[BlackElo "2506"]
[EventDate "2010.07.21"]

1. c4 Nf6 2. Nc3 c5 3. Nf3 e6 4. d4 cxd4 5. Nxd4 a6 6. e4 Qc7 7. a3 b6 8.
Be3 Bb7 9. f3 d6 10. Be2 Nbd7 11. Rc1 Rc8 12. O-O Be7 13. b4 O-O 14. Qd2
Qb8 15. Kh1 Rfe8 16. Na4 Bd8 17. Bg1 Bc7 18. Rc2 d5 19. exd5 exd5 20. c5
Bf4 21. Qd1 bxc5 22. Nxc5 Qa8 23. Nxb7 Qxb7 24. Qd3 Rxc2 25. Nxc2 Rc8 26.
Nd4 Ra8 27. Rd1 a5 28. b5 a4 29. Nf5 Re8 30. Bf1 g6 31. Ne3 Nb6 32. Qd4 Be5
33. Qh4 Kg7 34. Nc2 Nfd7 35. Nb4 Bf6 36. Qf2 Rc8 37. Qa2 Rc3 38. Bf2 Rb3
39. Rb1 Nc4 40. Rxb3 axb3 41. Qxb3 Qxb5 42. a4 Qb8 43. Bxc4 dxc4 44. Qxc4
Qd6 45. Nd5 Be5 46. Bg1 Nf6 47. Nxf6 Bxf6 48. a5 Qd1 49. a6 Qa1 50. a7 1-0

[Event "21st Czech Rapid Open"]
[Site "Pardubice CZE"]
[Date "2010.07.22"]
[Round "6"]
[White "Vidit,S"]
[Black "Gabrielian,A"]
[Result "1/2-1/2"]
[WhiteElo "2492"]
[BlackElo "2559"]
[EventDate "2010.07.21"]

1. d4 Nf6 2. c4 c5 3. d5 e6 4. Nc3 exd5 5. cxd5 d6 6. e4 g6 7. h3 Bg7 8.
Nf3 O-O 9. Bd3 b5 10. Bxb5 Nxe4 11. Nxe4 Qa5+ 12. Nfd2 Qxb5 13. Nxd6 Qa6
14. N2c4 Nd7 15. O-O Ne5 16. Nxc8 Raxc8 17. Nxe5 Bxe5 18. Qf3 Bd4 19. Rd1
Rfd8 20. Bg5 Re8 21. Rd2 Re5 22. Bf4 Rf5 23. Qe4 Qc4 24. Be3 Re5 25. Qf4
Rxd5 26. b3 Qc3 27. Rad1 Rcd8 28. Qf3 h5 29. Rd3 Qa5 30. Qe2 Qa6 31. Qc2
Qe6 32. Qc4 a5 33. Kf1 Qf5 34. Kg1 Qe6 35. a3 Rb8 36. Qa4 Rbd8 37. Qc4 Rb8
38. Qa4 Rbd8 39. Qc4 Rb8 40. Qa4 1/2-1/2

[Event "21st Czech Rapid Open"]
[Site "Pardubice CZE"]
[Date "2010.07.22"]
[Round "6"]
[White "Pakhomov,A"]
[Black "Shomoev,A"]
[Result "1-0"]
[WhiteElo "2412"]
[BlackElo "2561"]
[EventDate "2010.07.21"]

1. d4 Nf6 2. c4 g6 3. Nc3 Bg7 4. e4 d6 5. Nf3 O-O 6. Be2 e5 7. O-O Nc6 8.
Be3 Ng4 9. Bg5 f6 10. Bc1 exd4 11. Nxd4 Nxd4 12. Qxd4 Be6 13. Bxg4 f5 14.
Qd3 fxg4 15. Be3 c5 16. f4 gxf3 17. gxf3 Qh4 18. Qxd6 Bxc4 19. Rf2 b6 20.
Qg3 Qh5 21. Rd1 Rf7 22. Rdd2 Raf8 23. f4 Re8 24. e5 Qf5 25. b3 Ba6 26. h3
Bb7 27. Qg4 g5 28. Qxf5 Rxf5 29. Rd7 Bc6 30. Rc7 Re6 31. Rc8+ Kf7 32. Ne2
gxf4 33. Bxf4 Bb7 34. Rb8 Rg6+ 35. Kh2 Bc6 36. Ng3 Rxf4 37. Rxf4+ Ke6 38.
Rg4 Bxe5 39. Rxg6+ hxg6 40. Rc8 Bd5 41. Rg8 Kf6 42. Rd8 Ke6 43. Re8+ Kf6
44. h4 b5 45. Rc8 c4 46. Rc5 cxb3 47. axb3 Bxb3 48. Rxb5 Bc4 49. Ra5 a6 50.
Kg2 Bb5 51. Kf3 Bb2 52. Ra2 Bd4 53. Ne4+ Kg7 54. Rd2 Be5 55. Rd5 Bb2 56.
Rd6 Be5 57. Re6 Bd4 58. Ng5 Bf6 59. Rb6 Ba1 60. Kf4 Bb2 61. Rb7+ Kg8 62.
Ne4 Bc1+ 63. Ke5 Bb2+ 64. Kd5 Ba1 65. Rc7 Bb2 66. Ke6 Kf8 67. Rf7+ Ke8 68.
Nd6+ Kd8 69. Nxb5 axb5 70. Rb7 Bc3 71. Rxb5 Be1 72. Rb8+ Kc7 73. Rh8 Bd2
74. Kf7 g5 75. h5 Kd6 76. h6 Bc3 77. Rg8 1-0

[Event "21st Czech Rapid Open"]
[Site "Pardubice CZE"]
[Date "2010.07.22"]
[Round "6"]
[White "Maslak,K"]
[Black "Grinev,V"]
[Result "1-0"]
[WhiteElo "2560"]
[BlackElo "2336"]
[EventDate "2010.07.21"]

1. e4 c5 2. Nf3 e6 3. g3 d5 4. exd5 exd5 5. d4 Nc6 6. Bg2 Bg4 7. O-O Bd6 8.
c4 Nxd4 9. Qe1+ Ne7 10. Nxd4 cxd4 11. cxd5 Qb6 12. Nd2 Bb4 13. a3 Bxd2 14.
Bxd2 Qf6 15. Bb4 a5 16. Bc5 b6 17. d6 bxc5 18. Qe4 Qxd6 19. Qxa8+ Bc8 20.
Qxa5 O-O 21. Rac1 Ba6 22. Qxc5 Qxc5 23. Rxc5 Bxf1 24. Kxf1 f5 25. f4 g5 26.
Rc4 gxf4 27. Rxd4 fxg3 28. hxg3 Ng6 29. Kf2 f4 30. Be4 fxg3+ 31. Kxg3 Rf1
32. Bxg6 hxg6 33. Rd7 Kf8 34. b4 Rb1 35. Kf4 Ke8 36. Rd3 Ke7 37. Ke5 g5 38.
Rg3 Re1+ 39. Kd5 Kf6 40. b5 Rb1 41. Kc6 Kf5 42. b6 Kf4 43. Rc3 g4 44. a4 g3
45. Rc2 Kf3 46. a5 1-0

[Event "21st Czech Rapid Open"]
[Site "Pardubice CZE"]
[Date "2010.07.22"]
[Round "7"]
[White "Pridorozhni,A"]
[Black "Navara,D"]
[Result "1-0"]
[WhiteElo "2553"]
[BlackElo "2731"]
[EventDate "2010.07.21"]

1. e4 e5 2. Bc4 Nf6 3. d3 Bc5 4. Nc3 c6 5. Bb3 d5 6. Bg5 h6 7. Bxf6 Qxf6 8.
Qf3 Qxf3 9. Nxf3 d4 10. Nb1 Bd6 11. Nbd2 Nd7 12. a4 Bc7 13. Nc4 f6 14. Ncd2
Nc5 15. Bc4 Ba5 16. Ke2 Bxd2 17. Nxd2 Bg4+ 18. f3 Be6 19. b4 Bxc4 20. Nxc4
Ne6 21. Nd6+ Kd7 22. Nxb7 Rhb8 23. Nc5+ Nxc5 24. bxc5 Rb2 25. Kd2 Rab8 26.
g3 R8b3 27. Kc1 Rb8 28. f4 h5 29. Rf1 Ke6 30. fxe5 fxe5 31. Rf2 g6 32. h3
Ke7 33. g4 hxg4 34. hxg4 a5 35. Kd2 Rb1 36. Rxb1 Rxb1 37. g5 Rg1 38. Rf6
Rxg5 39. Rxc6 Rg2+ 40. Kc1 g5 41. Rg6 g4 42. c6 g3 43. Rg7+ Kd8 44. Kb2 Kc8
45. Kb3 Kb8 46. Kc4 Rxc2+ 47. Kd5 g2 48. Kxe5 1-0

[Event "21st Czech Rapid Open"]
[Site "Pardubice CZE"]
[Date "2010.07.22"]
[Round "7"]
[White "Movsesian,S"]
[Black "Schlosser,P"]
[Result "0-1"]
[WhiteElo "2723"]
[BlackElo "2575"]
[EventDate "2010.07.21"]

1. g3 d5 2. Bg2 Nf6 3. d3 g6 4. Bd2 Bg7 5. Qc1 h6 6. e4 dxe4 7. dxe4 Nc6 8.
Ne2 h5 9. h3 e5 10. O-O h4 11. g4 Nxg4 12. hxg4 h3 13. f3 hxg2 14. Kxg2 f5
15. Bg5 Qd7 16. Rh1 fxe4 17. Rxh8+ Bxh8 18. Ng3 exf3+ 19. Kf2 e4 20. Nc3
Bd4+ 21. Be3 Ne5 22. Ngxe4 Nxg4+ 23. Kg3 Nxe3 24. Nf6+ Bxf6 25. Qxe3+ Kf7
26. Qf4 Qh3+ 27. Kf2 Qh4+ 0-1

[Event "21st Czech Rapid Open"]
[Site "Pardubice CZE"]
[Date "2010.07.22"]
[Round "7"]
[White "Iskusnyh,S"]
[Black "Korobov,A"]
[Result "0-1"]
[WhiteElo "2480"]
[BlackElo "2657"]
[EventDate "2010.07.21"]

1. d4 Nf6 2. c4 g6 3. Nc3 Bg7 4. e4 d6 5. Be2 O-O 6. Nf3 Bg4 7. Be3 Nfd7 8.
O-O Nc6 9. d5 Bxf3 10. Bxf3 Na5 11. Be2 Nb6 12. Bxb6 cxb6 13. Rc1 Rc8 14.
b3 a6 15. Qd2 e6 16. Na4 exd5 17. exd5 Re8 18. Bd3 Re5 19. Rfe1 Qc7 20.
Rxe5 Bxe5 21. Rc2 Qd8 22. g3 h5 23. h4 f5 24. Qh6 Kf7 25. Kg2 b5 26. cxb5
Rxc2 27. Bxc2 axb5 28. Qh7+ Kf6 29. Bd3 bxa4 30. b4 Nb3 31. axb3 a3 32.
Qxb7 a2 0-1

[Event "21st Czech Rapid Open"]
[Site "Pardubice CZE"]
[Date "2010.07.22"]
[Round "7"]
[White "Kononenko,Dmitry1"]
[Black "Panarin,M"]
[Result "1/2-1/2"]
[WhiteElo "2590"]
[BlackElo "2531"]
[EventDate "2010.07.21"]

1. e4 c6 2. d4 d5 3. Nc3 dxe4 4. Nxe4 Bf5 5. Ng3 Bg6 6. Nh3 e6 7. Nf4 Bd6
8. c3 Nf6 9. h4 Qc7 10. Qf3 Nbd7 11. h5 Bc2 12. h6 gxh6 13. Rxh6 O-O-O 14.
Nd3 Rhg8 15. Bf4 Rg6 16. Rxg6 fxg6 17. Bxd6 Qxd6 18. Qf4 Qxf4 19. Nxf4 e5
1/2-1/2

[Event "21st Czech Rapid Open"]
[Site "Pardubice CZE"]
[Date "2010.07.22"]
[Round "7"]
[White "Babula,V"]
[Black "Stocek,J"]
[Result "1-0"]
[WhiteElo "2533"]
[BlackElo "2587"]
[EventDate "2010.07.21"]

1. d4 Nf6 2. c4 c5 3. d5 b5 4. cxb5 a6 5. e3 g6 6. Nc3 Bg7 7. a4 O-O 8. Bc4
Ne8 9. bxa6 Nd6 10. Be2 Bxa6 11. Nf3 Qa5 12. O-O Bxc3 13. bxc3 Ne4 14. c4
Nc3 15. Bd2 Nxd1 16. Bxa5 Nb2 17. Nd2 Nxc4 1-0

[Event "21st Czech Rapid Open"]
[Site "Pardubice CZE"]
[Date "2010.07.22"]
[Round "7"]
[White "Rakhmanov,Ale"]
[Black "Vidit,S"]
[Result "1-0"]
[WhiteElo "2590"]
[BlackElo "2492"]
[EventDate "2010.07.21"]

1. d4 d5 2. c4 c6 3. cxd5 cxd5 4. Nf3 Nf6 5. Nc3 Nc6 6. Bf4 a6 7. Ne5 Bd7
8. e3 e6 9. Bd3 Be7 10. O-O O-O 11. Qf3 Nxe5 12. dxe5 Ne8 13. Qh3 g6 14.
Rad1 f5 15. exf6 Bxf6 16. Bh6 Ng7 17. Bb1 Qe7 18. f4 b5 19. e4 Rf7 20. Kh1
b4 21. e5 Bh4 22. Ne2 Nf5 23. Bxf5 Rxf5 24. g4 Rf7 25. g5 d4 26. Nxd4 Qc5
27. Qxh4 Qd5+ 28. Kg1 Qxa2 29. Qf2 Rc8 30. Rc1 Qd5 31. Rcd1 Ba4 32. Rd2 Qe4
33. Re1 Qb7 34. Nxe6 Qe7 35. Nd4 b3 36. e6 1-0

[Event "21st Czech Rapid Open"]
[Site "Pardubice CZE"]
[Date "2010.07.22"]
[Round "7"]
[White "Ivanov,MM"]
[Black "Grigoriants,S RUS"]
[Result "1/2-1/2"]
[WhiteElo "2486"]
[BlackElo "2566"]
[EventDate "2010.07.21"]

1. d4 d5 2. c4 c6 3. cxd5 cxd5 4. Nc3 Nf6 5. Bf4 Nc6 6. e3 a6 7. Bd3 Bg4 8.
Nge2 e6 9. h3 Bh5 10. O-O Bd6 1/2-1/2

[Event "21st Czech Rapid Open"]
[Site "Pardubice CZE"]
[Date "2010.07.22"]
[Round "7"]
[White "Akesson,R"]
[Black "Maslak,K"]
[Result "0-1"]
[WhiteElo "2470"]
[BlackElo "2560"]
[EventDate "2010.07.21"]

1. Nf3 d6 2. d4 Bg4 3. e4 Nf6 4. Nbd2 e6 5. Bd3 Be7 6. O-O d5 7. c3 Bh5 8.
exd5 Qxd5 9. Qb3 Qxb3 10. axb3 Nbd7 11. b4 O-O 12. Re1 c6 13. Ng5 Rfd8 14.
Bf1 Nd5 15. Nge4 Bg6 16. Nb3 Kf8 17. f4 N7f6 18. Nec5 b6 19. Nd3 Nd7 20.
Bd2 c5 21. bxc5 Bxd3 22. Bxd3 bxc5 23. Ra2 cxd4 24. Nxd4 Bc5 25. Kf1 Bxd4
26. cxd4 Rdb8 27. f5 exf5 28. Bxf5 N7f6 29. Re5 Nb4 30. Ra4 Nc6 31. Rc5
Rxb2 32. Bc3 Rb6 33. d5 Ne7 34. Bd3 Nexd5 35. Ba1 Rd6 36. Be2 Nb6 37. Ra6
Ne4 38. Rc7 Rd7 39. Rc6 Re8 40. Ra2 Nd5 41. Bf3 Nb4 42. Bxe4 Nxa2 43. Bf3
Nb4 44. Rc4 Nd3 45. Bc3 Ne5 46. Re4 f6 47. Bb4+ Kf7 48. Be2 Rc8 49. Kf2
Nd3+ 0-1

[Event "21st Czech Rapid Open"]
[Site "Pardubice CZE"]
[Date "2010.07.22"]
[Round "7"]
[White "Gabrielian,A"]
[Black "Pakhomov,A"]
[Result "1-0"]
[WhiteElo "2559"]
[BlackElo "2412"]
[EventDate "2010.07.21"]

1. e4 c6 2. d4 d5 3. e5 Bf5 4. Nf3 e6 5. Be2 Nd7 6. O-O h6 7. Nbd2 Ne7 8.
Nb3 Qc7 9. a4 g5 10. a5 Ng6 11. c4 dxc4 12. Bxc4 g4 13. Ne1 Be7 14. Nc2
O-O-O 15. Bd2 h5 16. Ne3 Nh4 17. a6 b6 18. Nxf5 Nxf5 19. Rc1 Nb8 20. Be3
Rhg8 21. Bd3 h4 22. Qc2 g3 23. Bxf5 gxh2+ 24. Kxh2 exf5 25. Qxf5+ Qd7 26.
Qxd7+ Kxd7 27. Nd2 Ke6 28. Ne4 Kf5 29. f3 Rg6 30. Rf2 Rd7 31. g4+ hxg3+ 32.
Nxg3+ Ke6 33. f4 f5 34. exf6 Kxf6 35. f5 Rg8 36. Ne4+ Kf7 37. f6 Bd6+ 38.
Kh3 Re8 39. Ng5+ Kg6 40. Bd2 Rh8+ 41. Kg4 Bc7 42. Ne6 Kf7 43. Re1 c5 44. d5
Bd6 45. Ng5+ Kg6 46. Re6 1-0

[Event "21st Czech Rapid Open"]
[Site "Pardubice CZE"]
[Date "2010.07.22"]
[Round "7"]
[White "Zaslavsky,M"]
[Black "Bryzgalin,K"]
[Result "1/2-1/2"]
[WhiteElo "2413"]
[BlackElo "2499"]
[EventDate "2010.07.21"]

1. e4 c5 2. Nf3 Nc6 3. d4 cxd4 4. Nxd4 Qc7 5. Nc3 e6 6. Be3 Nf6 7. Be2 d6
8. O-O Be7 9. f4 O-O 10. Qe1 Nxd4 11. Bxd4 e5 12. Be3 exf4 13. Rxf4 Be6 14.
Rd1 Nd7 15. Bd4 Ne5 16. Qg3 a6 17. Bd3 Qd8 18. Bxa6 Ng6 19. Bxb7 Rb8 20.
Bd5 Rxb2 21. Bxe6 fxe6 22. Rxf8+ Bxf8 23. Rb1 Rxc2 24. Rf1 1/2-1/2

[Event "21st Czech Rapid Open"]
[Site "Pardubice CZE"]
[Date "2010.07.22"]
[Round "7"]
[White "Mamedov,Rau"]
[Black "Haimovich,T"]
[Result "1-0"]
[WhiteElo "2660"]
[BlackElo "2427"]
[EventDate "2010.07.21"]

1. e4 e6 2. d4 d5 3. Nd2 Ne7 4. Bd3 Nd7 5. Ne2 c5 6. c3 cxd4 7. cxd4 dxe4
8. Nxe4 Nc6 9. O-O Be7 10. N2c3 Nf6 11. Be3 O-O 12. Ng5 Nb4 13. Bb1 g6 14.
Nf3 b6 15. Ne5 Bb7 16. Qe2 Rc8 17. Re1 Nbd5 18. Bd2 Nxc3 19. bxc3 Nd5 20.
c4 Nb4 21. d5 Bc5 22. a3 Na6 23. Bh6 Re8 24. Qf3 Rc7 25. Ra2 exd5 26. Rae2
dxc4 27. Qf4 Qd5 28. Be4 Qxe5 29. Qxe5 Rxe5 30. Bxb7 Rxe2 31. Rxe2 Re7 32.
Rxe7 Bxe7 33. Bxa6 Bxa3 34. Bxc4 Bc5 35. Kf1 a5 36. f3 a4 37. Ke2 a3 38.
Kd3 Be7 39. Bb3 Bd6 40. h3 b5 41. Ke4 b4 42. Kd5 Be7 43. Kc6 Bf6 44. Kd7
Bg7 45. Be3 Bc3 46. Bh6 Bg7 47. Bxg7 Kxg7 48. Ke7 f5 49. f4 g5 1-0

[Event "21st Czech Rapid Open"]
[Site "Pardubice CZE"]
[Date "2010.07.22"]
[Round "7"]
[White "Zakhartsov,Vi"]
[Black "Ageichenko,G"]
[Result "1-0"]
[WhiteElo "2608"]
[BlackElo "2402"]
[EventDate "2010.07.21"]

1. d4 d5 2. c4 Nc6 3. Nc3 dxc4 4. Nf3 Nf6 5. e4 Bg4 6. d5 Ne5 7. Bf4 Ng6 8.
Bg3 e5 9. Bxc4 Bd6 10. Bb5+ Nd7 11. h3 Bxf3 12. Qxf3 a6 13. Bxd7+ Qxd7 14.
O-O O-O 15. Rac1 b5 16. Nd1 f5 17. exf5 Rxf5 18. Qg4 Nf4 19. Ne3 Rf7 20.
Rc2 Qxg4 21. hxg4 Rd8 22. Rd1 Rfd7 23. Kh2 e4 24. Nf5 Be5 25. Re1 Nd3 26.
Rxe4 Bxg3+ 27. Kxg3 g6 28. Ne3 a5 29. a3 g5 30. Rd2 Nf4 31. Re5 h6 32. Nf5
Kh7 33. d6 cxd6 34. Rxb5 a4 35. Rb6 h5 36. gxh5 Nxh5+ 37. Kh2 Nf6 38. Rbxd6
Kg6 1-0

[Event "21st Czech Rapid Open"]
[Site "Pardubice CZE"]
[Date "2010.07.22"]
[Round "7"]
[White "Ghaem Maghami,E"]
[Black "Suran,J"]
[Result "1-0"]
[WhiteElo "2585"]
[BlackElo "2371"]
[EventDate "2010.07.21"]

1. d4 d5 2. c4 c6 3. Nf3 Nf6 4. Qc2 g6 5. Bf4 Bg7 6. e3 O-O 7. Nc3 Bf5 8.
Bd3 Bxd3 9. Qxd3 e6 10. O-O Nbd7 11. h3 Re8 12. Rfd1 Rc8 13. Rac1 Qe7 14.
a3 a6 15. c5 Nh5 16. Bd6 Qd8 17. e4 dxe4 18. Nxe4 Nhf6 19. Ned2 Nd5 20. Re1
b5 21. Re2 e5 22. g3 exd4 23. Rxe8+ Qxe8 24. Re1 Qd8 25. Nxd4 N7f6 26. N2f3
Qd7 27. Kg2 Ne8 28. Be5 f6 29. Bf4 Nxf4+ 30. gxf4 Nc7 31. f5 Nd5 32. Qe4
Kf7 33. Kf1 Bf8 34. Qg4 1-0

[Event "21st Czech Rapid Open"]
[Site "Pardubice CZE"]
[Date "2010.07.22"]
[Round "7"]
[White "Nabaty,T"]
[Black "Krapivin,Vl"]
[Result "1-0"]
[WhiteElo "2523"]
[BlackElo "2362"]
[EventDate "2010.07.21"]

1. d4 d5 2. c4 Nc6 3. Nf3 Bg4 4. Nc3 e6 5. Bf4 dxc4 6. e3 Bd6 7. Bg3 Nf6 8.
Bxc4 O-O 9. O-O Qe7 10. Bh4 Qd8 11. Rc1 a6 12. Bd3 Be7 13. Bg3 Bd6 14. Ne4
Bxg3 15. hxg3 Rb8 16. Nxf6+ Qxf6 17. Be4 Bxf3 18. Qxf3 Qe7 19. Bxc6 bxc6
20. b3 Qa3 21. Rc2 Rb6 22. Rfc1 a5 23. Qe2 Qd6 24. Rc5 Ra8 25. Qc4 Raa6 26.
Qa4 Rb4 27. Rxc6 Rxa4 28. Rxd6 Rxd6 29. bxa4 Rb6 30. Rxc7 Rb1+ 31. Kh2 g6
32. Ra7 Rb2 33. f3 Rxa2 34. Rxa5 Rd2 35. Kg1 h5 36. Ra8+ Kg7 37. a5 Re2 38.
e4 Rd2 39. a6 Rxd4 40. e5 Rd5 41. f4 Rd2 42. Rc8 Ra2 43. Rc6 Ra3 44. Kf2
Kg8 45. Rd6 Kg7 46. Ke1 Rxg3 47. a7 Ra3 48. Rd7 Ra2 49. g3 g5 50. f5 h4 51.
fxe6 h3 52. Rxf7+ Kg6 53. Rf6+ Kg7 54. Rf7+ Kg6 55. Rf6+ Kg7 56. e7 h2 57.
Rf1 Rxa7 58. e8=Q Ra1+ 59. Ke2 Rxf1 60. Qd7+ Rf7 61. Qh3 Rb7 62. Kf3 Rb2
63. Kg4 Kg6 64. Qh5+ Kg7 65. Kxg5 1-0

[Event "21st Czech Rapid Open"]
[Site "Pardubice CZE"]
[Date "2010.07.22"]
[Round "8"]
[White "Korobov,A"]
[Black "Pridorozhni,A"]
[Result "1-0"]
[WhiteElo "2657"]
[BlackElo "2553"]
[EventDate "2010.07.21"]

1. d4 d5 2. c4 c6 3. Nc3 e6 4. Nf3 f5 5. Bf4 Nf6 6. e3 Be7 7. Bd3 O-O 8. h3
Ne4 9. Qb3 Kh8 10. g4 Qa5 11. Rg1 Nd7 12. cxd5 exd5 13. gxf5 Ndf6 14. Nd2
Nxd2 15. Kxd2 Ne4+ 16. Bxe4 dxe4 17. Be5 Bf6 18. Bxf6 Rxf6 19. Rxg7 Kxg7
20. Rg1+ Kh6 21. Qg8 Qxf5 22. Qg7+ Kh5 23. Nxe4 Kh4 24. Rg4+ Kxh3 25. Rg1
1-0

[Event "21st Czech Rapid Open"]
[Site "Pardubice CZE"]
[Date "2010.07.22"]
[Round "8"]
[White "Schlosser,P"]
[Black "Babula,V"]
[Result "1/2-1/2"]
[WhiteElo "2575"]
[BlackElo "2533"]
[EventDate "2010.07.21"]

1. Nf3 Nf6 2. c4 c5 3. Nc3 d5 4. cxd5 Nxd5 5. d4 Nxc3 6. bxc3 g6 7. e3 Bg7
8. Bb5+ Bd7 9. Bd3 O-O 10. O-O Nc6 11. Rb1 Qc7 12. d5 Ne5 13. c4 Bg4 14.
Be2 Bf5 15. Rb3 Bd7 16. Qd2 b5 17. Nxe5 Bxe5 18. f4 Bg7 19. Bb2 bxc4 20.
Bxc4 Rab8 21. Bxg7 Kxg7 22. Rfb1 f6 23. e4 Ba4 24. R3b2 Rxb2 25. Rxb2 Rb8
26. g3 Rxb2 27. Qxb2 1/2-1/2